Movimientos y estilos occidentales de las artes visuales - Estadísticas

Estadísticas generales
  • Esta prueba ha sido intentada 395 veces
    352 desde el último reinicio
  • La puntuación promedio es 31 de 68
Estadísticas de respuestas
Imagen Hint Respuesta % Correcto
Sainte-Chapelle de París (1242-1248) de Pierre de Montreuil Gótico
94%
"Cahill Expressway" (1962) de Peter Smart Precisionismo
89%
"Las Meninas" (1656) de Diego Velázquez Barroco
88%
"Impresión, sol naciente" (1872) de Claude Monet Impresionismo
87%
"Tarde de domingo en la isla de la Grande Jatte" (1884) de Georges Pierre Seurat Neoimpresionismo
87%
"La noche estrellada" (1889) de Vincent Van Gogh Posimpresionismo
87%
"La escuela de Atenas" (1510-1511) de Rafael Sanzio Renacimiento
85%
"Leonardo DiCaprio" (1998) by Mark Ryden Surrealismo pop
84%
"El carnaval del arlequín" (1924-1925) de Joan Miró Surrealismo abstracto
83%
"Retrato de Pablo Picasso" (1912) de Juan Gris Cubismo
82%
"Bosque verde" (1913) de Natalia Goncharova Rayonismo
82%
Abadía de Santa María Laach (1093) Románico
78%
"La persistencia de la memoria" (1931) de Salvador Dalí Surrealismo figurativo
78%
"Convergence" (1952) de Jackson Pollock Expresionismo abstracto
72%
"Puerta de Brandemburgo" (1788-1791) de Carl Gotthard Langhans Neoclasicismo
71%
"Composition 523 n° 12 7" (1961) de Julio Le Parc Arte óptico
67%
"Las espigadoras" (1857) de Jean-François Millet Realismo
67%
"La autómata" (1927) de Edward Hopper Realismo norteamericano
67%
"Primera aparición de Lenin en la reunión del soviet en Smolny el 25 de octubre de 1917" (1927) de Konstantine Yuon Realismo socialista
67%
"El columpio" (1767) de Jean-Honoré Fragonard Rococó
67%
"La Libertad guiando al pueblo" (1830) de Eugène Delacroix Romanticismo
66%
"Autorretrato en el Bugatti verde" (1929) de Tamara de Lempicka Art Deco
64%
"Shot Marilyns" (1964) de Andy Warhol Arte pop
62%
"Michael Jackson y Bubbles" (1988) de Jeff Koons Neo-pop
62%
"La Hara" (1981) de Jean-Michel Basquiat Neoexpresionismo
60%
"Esquemas" (1967) de Rómulo Macció Nueva Figuración
60%
Ayuntamiento de Boston (1963-1968) Brutalismo
59%
"Ansiedad" (1894) de Edvard Munch Expresionismo
59%
"Primavera" (1896) de Alfons Mucha Art Nouveau
58%
"Fuente" (1917) de Marcel Duchamp Dadaísmo
56%
"Odalisca" (1955-1958) de Robert Rauschenberg Neodadaísmo
56%
"El beso" (1907-1908) de Gustav Klimt Secesión de Viena
52%
"Abaporu" (1928) de Tarsila Do Amaral Antropofagia
51%
"Supremus No. 58" (1916) de Kazimir Malévich Suprematismo
51%
"Le Cosmorama IV" (1970) de Jean Dubuffet Informalismo
49%
"Composición VII" (1913) de Vasili Kandinsky Abstracción lírica
48%
Ayuntamiento de Mánchester (1868-1877) por Alfred Waterhouse Neogótico
46%
"La danza" (1910) de Henri Matisse Fauvismo
44%
"Dinamismo de una bicicleta" (1913) de Umberto Boccioni Futurismo
44%
Basílica de San Vitale (547) Bizantino
41%
Alcáraz de Sevilla (1356-1366) Mudéjar
41%
"Laocoonte" (años 1610) de El Greco Manierismo
36%
"Descendimiento de la cruz" (1435) de Rogier van der Weyden Primitivos flamencos
27%
Gran Teatro Falla de Cádiz (1905-1910) por Adolfo Morales de los Ríos y Adolfo del Castillo Neomudéjar
25%
"Composición con rojo, azul y amarillo" (1930) de Piet Mondrian Neoplasticismo
23%
Iglesia de la Guarnición Saint-Martin, Dresde (1893-1900) Neorrománico
23%
Teatro del Ejército Ruso (1930) por Kalo Halabyan y V. Simbirtsev Clasicismo socialista
22%
Opera Garnier (1854-1874) por Charles Garnier Neobarroco
22%
"Una y tres sillas" (1965) de Joseph Koshur Arte conceptual
18%
"Level" (1966) de Carl Andre Minimalismo
17%
"El acorazado Potempkin" (1925) de Alexander Rodchenko Constructivismo ruso
16%
"Spiral Jetty" (1970) de Robert Smithson Land Art
16%
"El sueño" (1883) de Pierre Puvis de Chavannes Simbolismo
16%
Catedral Naval de Kronstadt (1903-1913) Neobizantino
15%
"Selbstbemalung II" (1965) de Günter Brus Accionismo vienés
14%
"Me gusta América y a América le gusto yo" (1974) de Joseph Beuys Fluxus
14%
Detalle de "Unidad panamericana" (1940) de Diego Rivera Muralismo mexicano
14%
Ópera Estatal de Praga (1888) Neorrenacimiento
14%
"Cabinas telefónicas" (1967) de Richard Estes Hiperrealismo
13%
Walt Disney Concert Hall (1992) por Frank Gehry Deconstructivismo
10%
"La canción de amor" (1914) de Giorgio de Chirico Arte metafísico
8%
"La Venus de los trapos" (1967) de Miguel Angel Pistoletto Arte Póvera
8%
Burj Khalifa (2004) por Adrian Smith de SOM Neofuturismo
7%
"Grateful Dead..." (1966) de Wes Wilson Arte psicodélico
3%
"El juguete del viento" (Años 1990) de César Manrique Arte cinético
2%
"El vendedor de cerillas" (1920) de Otto Dix Nueva objetividad
2%
"Difusión de dos grupos de color" (1949) de Richard Paul Lohse Concretismo
1%
"GF.E 32-S" (1970) de Vladimir Bonacic Arte cibernético
0%
No se encontraron pruebas coincidentes
Distribución de puntuación
Porcentaje de gente con cada puntuación
Porcentaje por número respondido
Historial de tus puntuaciones
No has intentado esta prueba desde el último reinicio